00437nam a2200181Ia 4500008004100000020001800041245002600059245001600085260001500101260001600116260000900132300001500141300002500156300001000181440003700191500000800228999001900236170705s9999 xx 000 0 und d a9780545497978 aFlat Stanley at bat / cJeff Brown. aNew York : bScholastic, c2012 a27 pages : bcolor illustration ; c23cm. aI can read! Reading with help 2. a360 c336788d336788